000 00613nam a22001937a 4500
005 20251108164030.0
008 250721s1987 xx 000 0 ara d
082 1 4 _aم/217.8/رشد
100 1 _aإبن رشد، أبو الوليد بن محمد بن أحمد
245 1 0 _aفتاوى إبن رشد /
264 1 _aبيروت :
_bدار الغرب الاسلامي،
_c1987.
300 _a
650 1 7 _aالفتاوى
650 1 7 _aالإسلام
650 1 7 _aالإحكام الشرعية
700 1 _aالتليلي، مختار بن الطاهر
_eتحقيق
942 _2ddc
_cREF
999 _c1888
_d1888